Lethal Company Store Items by Price - Statistics

General Stats
  • This quiz has been taken 40 times
  • The average score is 18 of 37
Answer Stats
Hint Answer % Correct
Flashlight 15
91%
Pro-Flashlight 25
85%
Shovel 30
82%
Boombox 60
76%
Extension Ladder 60
74%
Jetpack 900
74%
Lockpicker 20
65%
Stun Grenade 30
65%
Walkie-Talkie 12
62%
Zap Gun 400
59%
Company Cruiser 400
59%
Teleporter 375
56%
Spray Paint 50
53%
Loud Horn 100
50%
Inverse Teleporter 425
50%
Pajama Suit 900
50%
Weed killer 25
47%
Signal Translator 255
47%
Radar-Booster 60
47%
Goldfish 50
44%
Green Suit 60
44%
TZP-Inhalant 120
41%
Disco Ball 150
38%
Bunny Suit 200
38%
Jack O' Lantern 50
38%
Purple Suit 70
38%
Hazard Suit 90
38%
Plushie Pajama Man 100
35%
Toilet 150
32%
Welcome Mat 40
32%
Bee Suit 110
29%
Record Player 120
29%
Shower 180
29%
Romantic Table 120
26%
Table 70
26%
Television 130
24%
Survival Kit 138
21%
No matching quizzes found
Score Distribution
Percent of People with Each Score
Percentile by Number Answered
Your Score History
You have not taken this quiz